000 01756nam0a2200337 4500
001 RU\NLR\BIBL_A\012843848
005 20250128194045.0
010 _a978-5-93091-286-9
_9500
021 _aRU
_bКН-П-22-019962
_9КН-П-22-1704
035 _a(NLR Aleph) 012843848
090 _a13310559
_c13310559
100 _a20220708d2018 k y0rusy50 ca
101 0 _atat
_aeng
102 _aRU
105 _ay z 000 y
181 0 _ai
_baxxe
182 0 _an
200 9 _aТатарча-инглизчә, инглизчә-татарча сүзлек
_dTatar-english, english-tatar dictionary
_e25000 чамасы сүз һәм сүзтезмә, 2000 ләп фразеологик берәмлекне эченә ала
_fА. Ә. Тимерханов, Г. Р. Сафиуллина
_gТатарстан Респ. ФА. Г. Ибраһимов исем. Тел, әдәбият һәм сәнгать ин-ты
203 _aТекст
_bвизуальный
_cнепосредственный
210 _aКазан
_cТӘһСИ
_d2018
215 _a541,[1] б.
_d25
_e1 электрон-опт. диск
541 1 _6z01790
_aТатарско-английский, англо-татарский словарь
_e[ок. 25000 слов и словосочетаний, 2000 фразеол. единиц].
_zrus
686 1 _aШ163.23-483
686 1 _aШ143.21-483
700 1 _4070
_7ca
_8tat
_aТимерханов
_bА. Ә. улы
_gАйнур Әхәт улы
_9138985
_3RU\NLR\AUTH\770139020
701 1 _aСафиуллина
_bГ. Р. кызы
_gГөлшат Рафаил кызы
_4070
790 1 _6z01541
_aТимерханов
_bА. А.
_gАйнур Ахатович
_4070
852 _aNLR
_bОНЛ
_jТатар./4-1878
942 _cBOOK
980 _aNB